ARRUPE JESUIT UNIVERSITY

CORONAVIRUS -STOP THE SPREAD - CLEAN,DISINFECT,COVER

Heidegger in question : (Record no. 123497)

MARC details
000 -LEADER
fixed length control field 00964fam a2200313 a 4500
001 - CONTROL NUMBER
control field 1355339
003 - CONTROL NUMBER IDENTIFIER
control field ARRUPE
005 - DATE AND TIME OF LATEST TRANSACTION
control field 20151012152104.0
008 - FIXED-LENGTH DATA ELEMENTS--GENERAL INFORMATION
fixed length control field 920618s1993 nju b 001 0 eng
010 ## - LIBRARY OF CONGRESS CONTROL NUMBER
LC control number 92023831
020 ## - INTERNATIONAL STANDARD BOOK NUMBER
International Standard Book Number 0391037617
035 ## - SYSTEM CONTROL NUMBER
System control number (OCoLC)26159876
035 ## - SYSTEM CONTROL NUMBER
System control number (OCoLC)ocm26159876
035 ## - SYSTEM CONTROL NUMBER
System control number (NNC)1355339
040 ## - CATALOGING SOURCE
Original cataloging agency DLC
Transcribing agency DLC
Modifying agency NNC
050 00 - LIBRARY OF CONGRESS CALL NUMBER
Classification number B3279.H49
Item number B453 1993
082 00 - DEWEY DECIMAL CLASSIFICATION NUMBER
Classification number 193
Edition number 20
300 ## - PHYSICAL DESCRIPTION
Dimensions 24 cm.
100 1# - MAIN ENTRY--PERSONAL NAME
Personal name Bernasconi, Robert.
9 (RLIN) 20218
245 10 - TITLE STATEMENT
Title Heidegger in question :
Remainder of title the art of existing /
Statement of responsibility, etc by Robert Bernasconi.
260 ## - PUBLICATION, DISTRIBUTION, ETC. (IMPRINT)
Place of publication, distribution, etc Atlantic Highlands, N.J. :
Name of publisher, distributor, etc Humanities Press International,
Date of publication, distribution, etc 1993.
263 ## - PROJECTED PUBLICATION DATE
Projected publication date 9304
300 ## - PHYSICAL DESCRIPTION
Extent xxiv, 265 p. ;
490 1# - SERIES STATEMENT
Series statement Philosophy and literary theory
504 ## - BIBLIOGRAPHY, ETC. NOTE
Bibliography, etc Includes bibliographical references and index.
600 10 - SUBJECT ADDED ENTRY--PERSONAL NAME
Personal name Heidegger, Martin,
Dates associated with a name 1889-1976.
9 (RLIN) 20219
830 #0 - SERIES ADDED ENTRY--UNIFORM TITLE
Uniform title Philosophy and literary theory.
9 (RLIN) 20220
942 ## - ADDED ENTRY ELEMENTS (KOHA)
Source of classification or shelving scheme Library of Congress Classification
Koha item type Monograph ( Printed materials)
Holdings
Withdrawn status Lost status Source of classification or shelving scheme Damaged status Not for loan Collection code Home library Current library Shelving location Date acquired Total Checkouts Full call number Barcode Date last seen Date checked out Price effective from Koha item type
    Library of Congress Classification     Main Collection ARRUPE LIBRARY ARRUPE LIBRARY Main Collection 12/10/2015 1 B3279.H49B453 1993 46500005457 17/10/2022 22/09/2022 12/10/2015 Monograph ( Printed materials)

 

Arrupe Library. PO Box MP320 Mt Pleasant, Harare, Zimbabwe
263 242 745411|librarian@aju.ac.zw